000 00459nam a2200157Ia 4500
008 140527s9999 xx 000 0 und d
020 _a9789712364549
050 _aKPM 953.5
_b.D377p 2013
100 _aDe Leon, Hector S.
245 _aThe law on partnerships and private corporations /
_cHector S. De Leon.
260 _aManila :
_bRex Book Store,
_cc2013.
300 _a526 p. :
_c22 cm.
521 _aBSBA
942 _kLOC
_cBK
999 _c117521
_d117521